Eredivisie players 2024/25 - Statistics

General Stats
  • This quiz has been taken 16 times
  • The average score is 104 of 520
Answer Stats
Rank Player Positions Nationality Matches Goals Assists Clubs % Correct
84 Anis Hadj Moussa MF, FW 30 8 3
67%
2 Arno Verschueren DF, MF 34 1 2
67%
238 Ayase Ueda FW 21 7 1
67%
41 Bertrand Traoré MF, FW 32 6 5
67%
86 Brian Brobbey FW 30 4 3
67%
44 Dave Van Den Berg MF 32 4 3
67%
65 Davy Klaassen MF 31 8 2
67%
263 Gernot Trauner DF 19 0 0
67%
159 Givairo Read DF 26 2 6
67%
7 Igor Paixão MF, FW 34 16 10
67%
108 Ismael Saibari MF, FW 29 11 11
67%
90 Jan Van den Bergh DF 30 2 4
67%
132 Jordan Henderson MF 28 1 4
67%
8 Joris Kramer DF 34 0 1
67%
70 Jorrel Hato DF 31 2 6
67%
110 Josip Šutalo DF 29 2 0
67%
242 Julián Carranza FW 21 4 1
67%
431 Justin Bijlow GK 4 0 0
67%
28 Kenneth Taylor MF, FW 33 9 6
67%
76 Luuk de Jong FW 31 14 8
67%
385 Matheus GK 9 0 1
67%
229 Michiel Kramer FW 22 3 0
67%
113 Mika Godts MF, FW 29 4 2
67%
233 Ramiz Zerrouki MF 22 1 2
67%
37 Sem Steijn MF 33 24 7
67%
405 Sergiño Dest DF, FW 7 0 1
67%
174 Steven Berghuis MF, FW 26 2 5
67%
124 Timon Wellenreuther GK 29 0 1
67%
20 Walter Benítez GK 34 0 0
67%
220 Youri Regeer DF, MF 23 1 1
67%
1 Anselmo García MacNulty DF 34 1 0
56%
45 Dávid Hancko DF 32 3 1
56%
275 Erik Schouten DF 18 0 0
56%
48 Etienne Vaessen GK 32 0 0
56%
50 Guus Til MF, FW 32 10 11
56%
143 Ivan Perišić DF, MF, FW 27 9 9
56%
276 Jerdy Schouten DF, MF 18 1 2
56%
144 Joey Veerman MF 27 1 8
56%
214 Jordy Clasie MF 23 0 2
56%
334 Julian Baas MF 13 0 2
56%
72 Lars Unnerstall GK 31 0 0
56%
74 Leo Sauer MF, FW 31 7 2
56%
503 Lewis Schouten MF 1 0 0
56%
335 Luka Ivanušec MF, FW 13 1 0
56%
165 Malik Tillman MF, FW 26 12 2
56%
77 Mario Engels MF, FW 31 4 4
56%
186 Mauro Júnior DF, MF, FW 25 0 6
56%
187 Mees Hilgers DF 25 1 1
56%
266 Mickey van der Hart GK 19 0 0
56%
115 Mitchell van Bergen DF, MF, FW 29 3 2
56%
11 Nick Olij GK 34 0 1
56%
55 Oliver Antman MF, FW 32 6 15
56%
189 Oliver Edvardsen MF, FW 25 12 3
56%
98 Olivier Boscagli DF, MF 30 1 6
56%
282 Ricardo Pepi MF, FW 18 11 2
56%
170 Ricky van Wolfswinkel MF, FW 26 7 1
56%
15 Ryan Flamingo DF, MF 34 0 2
56%
172 Saïd Bakari DF, MF, FW 26 1 0
56%
369 Santiago Giménez FW 11 7 1
56%
17 Thom van Bergen MF, FW 34 5 1
56%
83 Vasilios Barkas GK 31 0 0
56%
19 Victor Edvardsen MF, FW 34 8 6
56%
219 Youri Baas DF, MF 23 1 0
56%
389 Ahmetcan Kaplan DF 8 0 0
44%
61 Alexandre Penetra DF 31 0 0
44%
427 Aymen Sliti MF, FW 4 1 0
44%
372 Bart Nieuwkoop DF, MF, FW 10 0 1
44%
3 Bart van Rooij DF, MF 34 1 5
44%
485 Benjamin Tahirovic MF 1 0 0
44%
306 Bryan Linssen MF, FW 15 4 0
44%
23 Calvin Verdonk DF, MF 33 1 1
44%
310 Daniele Rugani DF 15 0 0
44%
178 Dean James DF 25 2 2
44%
273 Denzel Hall DF 18 0 0
44%
323 Devyne Rensch DF 14 1 0
44%
158 Dirk Proper MF 26 0 1
44%
440 Don-Angelo Konadu FW 3 0 1
44%
46 Elías Már Ómarsson FW 32 8 1
44%
49 Gerrit Nauber DF 32 2 0
44%
225 Gjivai Zechiël MF 22 2 3
44%
380 Hirving Lozano MF, FW 9 4 2
44%
254 Hugo Bueno DF, MF 20 0 3
44%
264 Ibrahim Sadiq MF, FW 19 6 4
44%
160 Jakob Breum MF, FW 26 10 5
44%
325 Jakub Moder DF, MF 14 3 2
44%
69 Jens Toornstra MF, FW 31 1 4
44%
413 Jeroen Zoet GK 6 0 0
44%
496 Joel Drommel GK 1 0 0
44%
92 Johan Bakayoko MF, FW 30 9 1
44%
414 Jordan Lotomba DF, MF 6 1 1
44%
197 Koki Ogawa FW 24 7 1
44%
501 Kostas Lamprou GK 1 0 0
44%
278 Kristian Nökkvi Hlynsson MF 18 3 3
44%
53 Luciano Valente MF, FW 32 2 7
44%
9 Mats Deijl DF, MF 34 4 1
44%
245 Michal Sadílek DF, MF 21 2 4
44%
10 Michel Vlap MF, FW 34 5 7
44%
230 Miguel Rodríguez MF, FW 22 7 3
44%
201 Mohammed Ihattaren MF, FW 24 4 4
44%
32 Nick Viergever DF 33 3 1
44%
117 Noa Lang MF, FW 29 11 10
44%
376 Owen Wijndal DF 10 0 0
44%
34 Paxten Aaronson DF, MF, FW 33 8 4
44%
450 Przemysław Tytoń GK 3 0 0
44%
353 Quilindschy Hartman DF 12 0 1
44%
280 Quinten Timber MF 18 6 0
44%
202 Remko Pasveer GK 24 0 1
44%
204 Richy Ledezma DF, MF 24 1 1
44%
57 Robin Roefs GK 32 0 0
44%
304 Sébastien Haller FW 16 4 1
44%
137 Thijmen Blokzijl DF 28 1 0
44%
18 Thomas Didillon GK 34 0 0
44%
59 Thomas Robinet MF, FW 32 2 2
44%
38 Tobias Lauritsen FW 33 10 2
44%
138 Troy Parrott FW 28 14 2
44%
209 Wout Weghorst FW 24 10 2
44%
192 Yoann Cathline MF, FW 25 6 5
44%
286 Zidane Iqbal MF 18 1 0
44%
288 Adrian Blake MF, FW 17 3 2
33%
259 Alireza Jahanbakhsh MF, FW 19 3 2
33%
103 Antoni Milambo MF, FW 29 3 5
33%
319 Armando Obispo DF 14 1 0
33%
85 Bas Kuipers DF 30 3 3
33%
342 Branco van den Boomen MF 12 0 0
33%
105 Brynjolfur Darri Willumsson FW 29 4 1
33%
486 Carlos Forbs MF, FW 1 0 0
33%
106 Charles-Andréas Brym MF, FW 29 3 3
33%
300 Chuba Akpom MF, FW 16 3 1
33%
42 Daan Rots MF, FW 32 3 6
33%
142 David Min MF, FW 27 3 0
33%
487 Diant Ramaj GK 1 0 0
33%
88 Dylan Vente FW 30 13 0
33%
428 Emanuel Poku FW 4 0 0
33%
213 Ernest Poku MF, FW 23 2 3
33%
6 Fabian de Keijzer GK 34 0 1
33%
180 Gijs Smal DF, MF 25 0 2
33%
412 Hussein Ali DF, MF 6 0 0
33%
240 Hwang In-beom MF 21 3 2
33%
130 Iván Márquez DF 28 2 0
33%
495 Jeyland Mitchell DF 1 0 0
33%
146 Kian Fitz-Jim MF 27 2 1
33%
73 Leandro Bacuna DF, MF 31 4 3
33%
112 Leo Greiml DF 29 2 0
33%
424 Lucas Oliveira Rosa DF 5 0 1
33%
198 Luka Kulenović FW 24 9 2
33%
504 Marcos López DF 1 0 0
33%
505 Marcus Pedersen DF 1 0 0
33%
133 Mats Köhlert DF, MF, FW 28 0 5
33%
314 Mats Rots DF 15 1 0
33%
134 Mattijs Branderhorst GK 28 0 0
33%
149 Mexx Meerdink MF, FW 27 9 0
33%
78 Mike van der Hoorn DF 31 3 2
33%
114 Mimeirhel Benita DF 29 0 1
33%
368 Naci Ünüvar MF, FW 11 0 1
33%
12 Nordin Bakker GK 34 0 0
33%
339 Ole Romeny MF, FW 13 2 0
33%
33 Oliver Braude DF 33 0 2
33%
169 Oskar Zawada FW 26 9 0
33%
354 Rick Karsdorp DF, FW 12 0 2
33%
135 Rome-Jayden Owusu-Oduro GK 28 0 0
33%
100 Sam Kersten DF 30 1 1
33%
248 Sam Lammers MF, FW 21 7 1
33%
101 Sayfallah Ltaief FW 30 1 2
33%
16 Souffian El Karouani DF, MF 34 2 8
33%
190 Thomas Beelen DF 25 1 1
33%
122 Thom Haye DF, MF, FW 29 0 2
33%
426 Tygo Land MF 5 0 0
33%
175 Wouter Goes DF 26 1 3
33%
406 Adamo Nagalo DF 6 0 0
22%
139 Alen Halilović MF, FW 27 2 3
22%
298 Andries Noppert GK 16 0 0
22%
177 Anton Gaaei DF, MF 25 3 4
22%
104 Boy Kemper DF 29 1 3
22%
156 Bram Nuytinck DF 26 1 0
22%
63 Brian De Keersmaecker MF 31 5 3
22%
373 Bruno Martins Indi DF 10 0 0
22%
343 Calvin Stengs MF, FW 12 1 3
22%
126 Carel Eiting MF 28 3 3
22%
374 Christian Rasmussen FW 10 1 0
22%
309 Couhaib Driouech MF, FW 15 2 1
22%
4 Damon Mirani DF, MF 34 2 0
22%
64 David Møller Wolfe DF 31 2 5
22%
331 Djevencio van der Kust DF, MF 13 0 0
22%
127 Dominik Janošek MF 28 2 4
22%
5 Dylan Mbayo MF, FW 34 4 7
22%
239 Eliano Reijnders DF, MF, FW 21 1 0
22%
24 Enric Llansana MF 33 4 3
22%
429 Esmir Bajraktarevic DF, FW 4 0 0
22%
47 Espen van Ee MF 32 1 2
22%
25 Evert Linthorst MF 33 3 3
22%
193 Fredrik Oldrup Jensen MF 24 0 0
22%
226 Ibrahim Osman MF, FW 22 3 3
22%
182 Ion Nicolaescu FW 25 8 0
22%
392 Isaac Babadi MF 8 1 0
22%
26 Ivan Mesík DF 33 1 0
22%
67 Ivo Pinto DF 31 0 3
22%
161 James Lawrence DF 26 0 1
22%
301 Jari De Busser GK 16 0 0
22%
91 Jasper Schendelaar GK 30 0 2
22%
162 Jizz Hornkamp DF, MF, FW 26 8 2
22%
145 Joshua Kitolano MF 27 0 2
22%
382 Justin Hoogma DF, MF 9 2 0
22%
277 Kees Smit MF, FW 18 0 0
22%
185 Kodai Sano MF, FW 25 2 2
22%
166 Marvin Peersman DF 26 0 2
22%
228 Mathias Kjølø MF 22 0 1
22%
350 Matt Garbett MF, FW 12 1 0
22%
244 Mayckel Lahdo MF, FW 21 3 1
22%
326 Mees de Wit DF, MF, FW 14 1 1
22%
447 Michael Brouwer GK 3 0 0
22%
54 Mike Eerdhuijzen DF 32 1 0
22%
231 Milan Smit MF, FW 22 3 3
22%
188 Mitchell Dijks DF 25 0 3
22%
116 Nikolai Hopland DF 29 2 0
22%
216 Noah Ohio FW 23 5 0
22%
150 Oscar Fraulo MF 27 3 3
22%
246 Patrick van Aanholt DF 21 0 0
22%
13 Peer Koopmeiners DF, MF 34 1 7
22%
267 Philippe Sandler DF 19 0 0
22%
510 Plamen Andreev GK 1 0 0
22%
511 Rayane Bounida FW 1 0 0
22%
14 Richonell Margaret MF, FW 34 5 7
22%
35 Ringo Meerveld MF, FW 33 4 2
22%
206 Ruben van Bommel MF, FW 24 3 5
22%
268 Shiloh ’t Zand MF, FW 19 1 0
22%
102 Shunsuke Mito MF, FW 30 5 0
22%
120 Siebe Horemans DF 29 1 4
22%
151 Simon Graves Jensen DF 27 0 0
22%
477 Sivert Mannsverk MF 2 0 0
22%
121 Stije Resink MF 29 5 2
22%
136 Sven Mijnans MF, FW 28 6 5
22%
296 Sydney van Hooijdonk FW 17 1 0
22%
317 Taylor Booth MF, FW 15 0 1
22%
125 Victor Jensen MF, FW 29 2 3
22%
438 Zepiqueno Redmond FW 4 0 0
22%
250 Alec Van Hoorenbeeck DF 20 2 0
11%
237 Alonzo Engwanda MF 21 0 0
11%
270 Anass Salah-Eddine DF, MF 18 2 2
11%
22 Basar Onal MF, FW 33 1 2
11%
320 Bryan Limbombe MF, FW 14 0 0
11%
251 Camiel Neghli MF, FW 20 5 2
11%
390 Chris Nadje MF 8 0 0
11%
43 Daniel Bielica GK 32 0 0
11%
87 Denso Kasius DF, FW 30 3 3
11%
421 Dies Janse DF 5 0 0
11%
489 Djomar Giersthove DF 1 0 0
11%
460 Elijah Dijkstra DF 2 0 0
11%
375 Enes Mahmutovic DF 10 0 0
11%
128 Ezequiel Bullaude MF, FW 28 6 1
11%
409 Facundo González DF 6 0 0
11%
66 Filip Krastev MF, FW 31 6 4
11%
261 Finn Stam DF 19 0 1
11%
461 Gerald Alders DF 2 0 0
11%
253 Gustaf Lagerbielke DF 20 1 1
11%
129 Hamdi Akujobi DF, MF 28 1 1
11%
464 Harry Kuster MF, FW 2 0 0
11%
466 Hidde Jurjus GK 2 0 0
11%
89 Ilias Sebaoui MF, FW 30 3 0
11%
183 Jacob Trenskow MF, FW 25 6 3
11%
492 Jan Plug DF 1 0 0
11%
255 Jan Žambůrek MF 20 0 1
11%
289 Jayden Addai DF, MF, FW 17 1 0
11%
109 Jeremy Bokila FW 29 3 1
11%
194 Jeroen Houwen GK 24 0 0
11%
27 Jesse Bosch MF 33 6 0
11%
163 Jochem van de Kamp DF, MF, FW 26 0 1
11%
265 Joey Jacobs DF 19 1 0
11%
468 Jonathan de Guzmán MF 2 0 0
11%
469 Jordan Teze DF 2 0 0
11%
365 Jorthy Mokio DF, MF 11 1 0
11%
71 Juho Talvitie MF, FW 31 3 0
11%
111 Julian Lelieveld DF, MF 29 0 0
11%
93 Junior Kadile MF, FW 30 5 2
11%
196 Kacper Kostorz MF, FW 24 3 0
11%
499 Kai Jansen MF 1 0 0
11%
366 Kaj Sierhuis MF, FW 11 1 1
11%
184 Kento Shiogai FW 25 4 1
11%
29 Kornelius Hansen MF, FW 33 2 2
11%
94 Kristoffer Peterson MF, FW 30 7 2
11%
147 Kyan Vaesen FW 27 4 2
11%
393 Lars Mol MF 8 0 0
11%
290 Lasse Schöne MF 17 0 0
11%
30 Levi Smans MF, FW 33 3 2
11%
52 Liam van Gelderen DF, MF 32 0 0
11%
394 Lucas Vennegoor of Hesselink MF, FW 8 0 0
11%
199 Luuk Brouwers MF 24 3 2
11%
95 Marco Rente DF 30 2 1
11%
313 Marcus Linday MF 15 2 2
11%
31 Max Balard MF 33 1 1
11%
215 Max Bruns DF, MF 23 0 1
11%
448 Myron van Brederode MF, FW 3 0 0
11%
474 Neraysho Kasanwirjo DF, MF 2 0 0
11%
397 Niklas Vesterlund DF 8 1 2
11%
118 Odysseus Velanas MF, FW 29 1 2
11%
257 Olivier Aertssen DF 20 1 0
11%
402 Oscar Pettersson MF, FW 7 0 0
11%
418 Oussama Targhalline MF 6 0 0
11%
340 Paweł Bochniewicz DF 13 0 0
11%
79 Raffael Behounek DF 31 2 1
11%
292 Richard van der Venne MF, FW 17 4 1
11%
293 Roberto González MF, FW 17 2 1
11%
80 Rodrigo Guth DF 31 3 0
11%
513 Roy Kortsmit GK 1 0 0
11%
451 Ro-Zangelo Daal FW 3 0 0
11%
99 Ryan Fosso MF 30 1 1
11%
294 Ryan Thomas MF, FW 17 0 2
11%
514 Sean Steur MF 1 0 0
11%
355 Simon Olsson MF, FW 12 1 1
11%
81 Sontje Hansen MF, FW 31 6 4
11%
516 Steven Bergwijn MF, FW 1 0 0
11%
478 Stijn van Gassel GK 2 0 0
11%
58 Suf Podgoreanu MF, FW 32 1 5
11%
284 Terence Kongolo DF 18 0 0
11%
236 Thomas Bruns MF, FW 22 3 2
11%
39 Tommy St. Jago DF 33 0 0
11%
398 Tyrell Malacia DF 8 0 0
11%
520 Wessel Kuhn DF 1 0 0
11%
285 Younes Namli MF, FW 18 4 2
11%
388 Younes Taha El Idrissi MF, FW 9 0 0
11%
287 Aaron Meijers DF, MF 17 0 0
0%
483 Abdurrahman Burak Sayın FW 1 0 0
0%
297 Adam Kayed DF, MF 16 1 0
0%
221 Adi Nalic MF, FW 22 1 0
0%
269 Alessio da Cruz MF, FW 18 4 1
0%
419 Alexander Jakobsen MF, FW 5 0 0
0%
371 Alex Balboa MF 10 1 0
0%
360 Àlex Carbonell MF 11 0 0
0%
456 Alex Mortensen MF, FW 2 0 0
0%
361 Ali Jasim DF, MF, FW 11 1 0
0%
305 Amara Conde MF 15 0 1
0%
222 Amar Ahmed MF, FW 22 1 0
0%
210 Amine Lachkar MF 23 0 0
0%
154 Anas Tahiri MF, FW 26 0 1
0%
21 Anouar El Azzouzi DF, MF 33 1 0
0%
318 Ante Erceg MF, FW 14 0 0
0%
377 Anthony Descotte MF, FW 9 2 0
0%
484 Apostolos Vellios FW 1 0 0
0%
420 Argyrios Darelas MF, FW 5 0 0
0%
223 Aske Adelgaard DF 22 0 1
0%
407 Ayoub Oufkir DF, FW 6 0 1
0%
271 Baptiste Guillaume MF, FW 18 1 0
0%
328 Bobby Adekanye MF, FW 13 1 0
0%
362 Bojan Radulovic FW 11 1 0
0%
155 Boris lambert DF, MF 26 2 0
0%
272 Boyd Lucassen DF, MF, FW 18 1 1
0%
329 Boyd Reith DF 13 0 0
0%
62 Brayann Pereira DF 31 3 2
0%
457 Braydon Manu DF, MF, FW 2 0 0
0%
330 Calvin Twigt MF 13 0 0
0%
378 Can Bozdogan MF, FW 9 1 1
0%
307 Casper Staring DF, MF, FW 15 0 0
0%
299 Ché Nunnely MF, FW 16 0 2
0%
308 Cherrion Valerius DF 15 0 0
0%
260 Chris Lokesa MF, FW 19 3 1
0%
399 Christopher Mamengi DF 7 0 0
0%
157 Cisse Sandra MF, FW 26 4 2
0%
140 Clint Leemans MF, FW 27 3 4
0%
458 Daley Sinkgraven DF, MF, FW 2 0 0
0%
107 Damian van der Haar DF 29 2 2
0%
391 Damil Dankerlui DF, MF, FW 8 0 0
0%
400 Daniel Karlsbakk FW 7 0 0
0%
141 Daniël van Kaam MF 27 0 3
0%
408 Danilo Al Saed MF, FW 6 0 0
0%
344 Daouda Weidmann MF 12 0 0
0%
321 Dario Grujcic DF, MF 14 0 1
0%
322 Dario Van den Buijs DF 14 0 0
0%
252 Dave Kwakman MF, FW 20 2 0
0%
459 David van der Werff MF 2 0 0
0%
179 Denilho Cleonise MF, FW 25 1 2
0%
379 Dennis Kaygin MF 9 0 1
0%
439 Diego van Oorschot MF, FW 3 0 0
0%
211 Dimitris Rallis FW 23 2 1
0%
488 Dion Versluis FW 1 0 0
0%
274 Edouard Michut MF, FW 18 1 0
0%
212 Emilio Kehrer MF, FW 23 1 3
0%
363 Eser Gürbüz FW 11 2 1
0%
224 Faissal Al Mazyani DF 22 0 1
0%
364 Faiz Mattoir MF, FW 11 0 0
0%
262 Finn Stokkers FW 19 3 2
0%
490 Fofin Turay MF 1 0 0
0%
410 Fredrik Oppegard DF 6 0 0
0%
462 Giandro Sambo DF, FW 2 0 0
0%
332 Gijs Besselink DF, MF 13 0 0
0%
181 Godfried Roemeratoe DF, MF 25 1 1
0%
463 Guus Beaumont MF 2 0 0
0%
465 Hasip Korkmazyürek MF 2 0 0
0%
324 Hjalmar Ekdal DF 14 0 0
0%
411 Hristiyan Petrov DF 6 1 0
0%
491 Isaiah Ahmed MF 1 0 0
0%
467 Jamal Amofa DF 2 0 0
0%
131 Jamiro Monteiro MF, FW 28 2 2
0%
241 Jannes Wieckhoff DF 21 0 2
0%
68 Jasper Dahlhaus DF, FW 31 2 2
0%
493 Jaydon Amauri Banel FW 1 0 0
0%
494 Jeffry Puriel FW 1 0 0
0%
422 Jens Mathijsen DF 5 0 0
0%
430 Joël Ideho FW 4 0 0
0%
441 Joey Kesting GK 3 0 0
0%
333 Joey Pelupessy MF 13 0 1
0%
256 Johan Hove MF 20 0 0
0%
497 Jonas Wendlinger GK 1 0 0
0%
381 Jordy Bruijn MF, FW 9 0 0
0%
442 Jordy de Wijs DF 3 0 0
0%
51 Jorg Schreuders DF, MF, FW 32 5 1
0%
164 Josip Mitrović DF, MF 26 2 0
0%
195 Juan Familia-Castillo DF, MF, FW 24 0 3
0%
498 Julien Mesbahi DF, FW 1 0 0
0%
415 Julius Dirksen DF, MF 6 0 0
0%
243 Kaj de Rooij MF, FW 21 2 1
0%
345 Kamal Sowah MF, FW 12 0 0
0%
416 Kayky Chagas DF, FW 6 0 0
0%
383 Kevin Felida MF, FW 9 0 0
0%
500 Khaled Razak FW 1 0 0
0%
423 Kolbeinn Finnsson DF 5 0 0
0%
311 Kristijan Belic MF 15 1 0
0%
502 Laros Duarte MF 1 0 0
0%
384 Lars Olden Larsen MF, FW 9 0 0
0%
312 Leftheris Lyratzis DF 15 0 2
0%
443 Lequincio Zeefuik MF, FW 3 0 0
0%
346 Logan Delaurier Chaubet FW 12 1 0
0%
75 Loreintz Rosier DF, MF 31 3 1
0%
401 Lorenzo Milani DF 7 0 0
0%
432 Luca Everink DF 4 0 0
0%
279 Luca Plogmann GK 18 0 0
0%
470 Lucas Pérez MF, FW 2 0 0
0%
347 Luka Tunjić MF, FW 12 1 1
0%
444 Lutsharel Geertruida DF, MF 3 0 0
0%
417 Luuk Koopmans GK 6 0 0
0%
348 Luuk Wouters DF 12 0 0
0%
227 Makan Aiko FW 22 1 0
0%
445 Manu Royo DF, MF 3 0 0
0%
433 Mark Spenkelink GK 4 0 0
0%
446 Martin Koscelník DF 3 0 0
0%
349 Marvin da Graça DF 12 1 0
0%
167 Marvin Young DF 26 0 0
0%
471 Mateja Milovanovic DF 2 0 0
0%
96 Mathis Suray MF, FW 30 3 0
0%
302 Matisse Didden DF 16 0 0
0%
336 Mats Seuntjens MF, FW 13 2 2
0%
315 Matteo Dams DF 15 0 0
0%
367 Maxim Dekker DF 11 0 0
0%
337 Maxime Busi DF 13 0 0
0%
472 Maxim Mariani DF 2 0 0
0%
148 Mees Hoedemakers MF 27 0 1
0%
351 Metinho MF 12 0 0
0%
506 Michael Bresser DF 1 0 0
0%
200 Mickaël Tirpan DF, MF 24 1 1
0%
434 Mike Hauptmeijer GK 4 0 0
0%
395 Mike Kleijn DF 8 0 1
0%
473 Milan Robberechts MF, FW 2 0 0
0%
396 Miliano Jonathans MF, FW 8 0 0
0%
338 Milos Lukovic MF, FW 13 3 0
0%
425 Miodrag Pivas DF, MF 5 0 0
0%
97 Mohamed Nassoh FW 30 2 2
0%
168 Nick Doodeman MF, FW 26 0 3
0%
232 Nick Fichtinger MF 22 0 0
0%
435 Noam Emeran DF, MF 4 1 0
0%
352 Nökkvi Þórisson MF, FW 12 2 0
0%
507 Ofosu Boakye FW 1 0 0
0%
475 Olivier de Nijs MF, FW 2 0 0
0%
403 Oskar Siira Sivertsen FW 7 0 0
0%
449 Owen Johnson MF, FW 3 0 0
0%
291 Patrick Joosten MF, FW 17 1 1
0%
436 Patrick Vroegh MF, FW 4 0 0
0%
56 Pelle Clement MF, FW 32 2 4
0%
508 Per Van Loon FW 1 0 0
0%
509 Pim Saathof DF 1 0 0
0%
281 Raul Paula MF, FW 18 0 2
0%
404 Redouan El Yaakoubi DF, MF 7 0 0
0%
386 Reuven Niemeijer MF, FW 9 0 0
0%
203 Ricardo Visus DF 24 1 0
0%
258 Rick Meissen DF 20 0 0
0%
512 Riechedly Bazoer DF, MF 1 0 0
0%
283 Robbin Weijenberg DF, MF 18 0 0
0%
247 Rob Nizet DF 21 0 0
0%
119 Romano Postema MF, FW 29 2 0
0%
205 Roshon van Eijma DF 24 0 0
0%
387 Roy Kuijpers MF, FW 9 0 0
0%
234 Ruben Providence MF, FW 22 0 2
0%
303 Ruben Roosken DF, MF 16 1 2
0%
327 Rui Mendes MF, FW 14 1 1
0%
171 Rúnar Þór Sigurgeirsson DF, FW 26 1 1
0%
36 Sami Ouaissa MF, FW 33 7 1
0%
476 Samir Lagsir MF, FW 2 0 0
0%
217 Samuel Bastien MF, FW 23 0 2
0%
316 Saná Fernandes MF, FW 15 1 0
0%
173 Seiya Maikuma DF 26 0 1
0%
218 Sem Scheperman DF, MF 23 1 1
0%
207 Shawn Adewoye DF 24 1 0
0%
208 Sherel Floranus DF, MF 24 0 1
0%
515 Silas Andersen MF 1 0 0
0%
295 Silvester van der Water MF, FW 17 3 0
0%
356 Søren Tengstedt MF, FW 12 0 0
0%
452 Stephano Carrillo FW 3 0 0
0%
479 Sven Bouland DF 2 0 0
0%
82 Syb Van Ottele DF, MF 31 0 3
0%
357 Teo Quintero DF 12 1 0
0%
480 Teun Gijselhart MF 2 0 0
0%
358 Théo Barbet DF 12 0 0
0%
517 Thibo Baeten MF, FW 1 0 0
0%
370 Thierry Lutonda DF, MF 11 0 0
0%
235 Thijs Oosting MF, FW 22 1 0
0%
341 Thomas Buitink MF, FW 13 0 0
0%
123 Thomas Ouwejan DF, FW 29 2 5
0%
249 Tika de Jonge MF 21 1 1
0%
437 Tim Receveur MF 4 0 0
0%
152 Tim van de Loo MF 27 2 1
0%
518 Tristan Gooijer DF, MF 1 0 0
0%
453 Tristan Schenkhuizen MF, FW 3 0 0
0%
481 Úmaro Embaló MF, FW 2 0 0
0%
519 Uriel van Aalst FW 1 0 0
0%
454 Valentino Vermeulen DF 3 0 0
0%
40 Vasilios Zagaritis DF 33 0 2
0%
191 Vito van Crooy MF, FW 25 9 6
0%
176 Wouter Prins DF 26 1 1
0%
455 Yanick van Osch GK 3 0 0
0%
60 Yassin Oukili MF 32 6 3
0%
482 Yousri Sbai DF, MF 2 0 0
0%
359 Youssuf Sylla MF, FW 12 0 0
0%
153 Zico Buurmeester MF, FW 27 4 1
0%
No matching quizzes found
Score Distribution
Percent of People with Each Score
Percentile by Number Answered
Your Score History
You have not taken this quiz